| 000 | nam a22 7a 4500 | ||
|---|---|---|---|
| 999 |
_c233188 _d233188 |
||
| 003 | Nust | ||
| 005 | 20170304163944.0 | ||
| 008 | 170304b xxu||||| |||| 00| 0 eng d | ||
| 020 | _a9781840220575 | ||
| 040 | _cNust | ||
| 082 |
_a823.8 _bKIP |
||
| 100 |
_a Kipling, Rudyard, _d1865-1936 |
||
| 245 |
_a Rudyard Kipling : _b the complete children's short stories./ _cRudyard Kipling. |
||
| 260 |
_aLondon: _bWordsworth classic, _c2004 |
||
| 300 | _a854 p. | ||
| 520 | _aKipling's children's stories with their wry, sometimes tongue-in-cheek style will delight and entertain young readers, while adults throughout the world will remember his stories with affection. | ||
| 942 |
_2ddc _cBK |
||